000 00277nam a2200121Ia 4500
008 190216s9999||||xx |||||||||||||| ||und||
100 _aLubert Stryer
245 0 _aBiochemistry
260 _bW H Freeman And Company
_c1975
300 _a877p
650 _aChemistry
942 _cBK
999 _c2023
_d2023